Kraje z najmniejszą liczbą użytkowników internetu jako%kraju - Statystyki

Ogólne statystyki
  • Ten quiz został rozwiązany 221 razy
  • Średni wynik to 9 z 22
Statystyki odpowiedzi
% Państwo % Poprawnych
2 Niger
67%
4 Demokratyczna Republika Konga
65%
0,1 Korea Północna
61%
8 Kongo
59%
6 Somalia
59%
1,1 Czad
56%
11 Etiopia
56%
1,3 Erytrea
52%
7 Gwinea
45%
6 Mozambik
44%
6 Togo
44%
5 Republika Środkowoafrykańska
42%
11 Benin
39%
5 Madagaskar
39%
4 Burundi
34%
5 Sierra Leone
33%
8 Liberia
32%
9 Malawi
32%
11 Burkina Faso
31%
7 Komory
21%
11 Papua-Nowa Gwinea
20%
5 Tonga
16%
Nie znaleziono quizów pasujących do podanych kryteriów
Rozkład punktacji
Procent ludzi z każdym wynikiem
Percentyl według liczby udzielonych odpowiedzi
Twoja historia wyników
Nie rozwiązałeś tego quizu